Bifurcation theory and methods of dynamical systems /
Guardado en:
| Otros Autores: | |
|---|---|
| Formato: | Libro |
| Idioma: | English |
| Publicado: |
Singapore ; River Edge, NJ :
World Scientific,
c1997.
|
| Series: | Advanced series in dynamical systems ;
vol. 15 |
| Materias: | |
| Etiquetas: |
Agregar Etiqueta
Sin Etiquetas, Sea el primero en etiquetar este registro!
|
| LEADER | 00813cam a2200229 a 4500 | ||
|---|---|---|---|
| 001 | MAT.inmabb006925 | ||
| 008 | 991014s1997####si#a#####b####001#0#eng## | ||
| 005 | 20160506170508.0 | ||
| 245 | 0 | 0 | |a Bifurcation theory and methods of dynamical systems / |c Luo Dingjun ... [et al.]. |
| 260 | |a Singapore ; |a River Edge, NJ : |b World Scientific, |c c1997. | ||
| 300 | |a xiii, 461 p. : |b il. ; |c 23 cm. | ||
| 440 | 0 | |a Advanced series in dynamical systems ; |v vol. 15 | |
| 504 | |a Incluye referencias bibliográficas (p. 443-455) e índice. | ||
| 510 | 4 | |a MR, |c MR2001522 | |
| 020 | |a 9810220944 (acid-free paper) | ||
| 700 | 1 | |a Luo, Dingjun. | |
| 650 | 0 | |a Bifurcation theory. | |
| 650 | 0 | |a Differentiable dynamical systems. | |
| 084 | |a *CODIGO* |2 MR | ||
| 010 | |a 99474922 | ||
| 040 | |a DLC |c DLC |d DLC | ||
| 859 | |p A-9028 |b BIB. MATEMATICA | ||
